00848nam a22001695i 4500001000700000003000900007005001700016008004100033040002000074100003500094245023400129260008200363300002100445650002400466700003300490852015500523161468ES-MaACL20251003164413.0990519s1865 sp |||| | spa d aCAM bspa cCAM1 aPasaron y Lastra, Angel Justo.10aAforismos bancarios o sean Los principios mas selectos para el régimen de los bancos de circulación b: escrito para acompañar a la obra de M. L. Wolowski titulada La cuestion de bancos / cpor Angel Justo Pasaron y Lastra. aMadrid : b[s.n.], c1865 (fEstablecimiento tipográfico de Eduardo Cuesta) a40 p. ; c23 cm. 4aBancos-xGestión.1 aWolowski, Louis, d1810-1876 aES-MaACLjT-157-F-2 z-- Enc. hol. q-- Falto de la cub. original z-- Enc. en un vol. facticio x-- Edic.: t245: Corregir "aforismo" por "aforsismos"